Normal view
MARC view
- Rehan Jamshaid Nemati
Entry Personal Name
001 - CONTROL NUMBER
- control field: 88638
003 - CONTROL NUMBER IDENTIFIER
- control field: NUST
005 - DATE AND TIME OF LATEST TRANSACTION
- control field: 20220126090607.0
008 - FIXED-LENGTH DATA ELEMENTS
- fixed length control field: 220126|| aca||aabn | a|a d
040 ## - CATALOGING SOURCE
- Original cataloging agency: NUST
- Transcribing agency: NUST
100 ## - HEADING--PERSONAL NAME
- Personal name: Rehan Jamshaid Nemati
670 ## - SOURCE DATA FOUND
- Source citation: Work cat.: (NUST): Rehan Jamshaid Nemati , TH-SOF-1956-Bone Texture Characterization Using A Novel Texture Analysis Technique For Better Detection Of Osteoporotic Cases, 2021.
